[Event "EST ch Teams"]
[Site "Tallinn"]
[Date "2020.08.30"]
[Round "5"]
[White "Orgse, Karl Kristofer"]
[Black "Aga, Rihard"]
[Result "0-1"]
[WhiteElo "1724"]
[BlackElo "2022"]
[PlyCount "84"]
[EventDate "2020.08.28"]
[EventType "team"]
[EventCountry "EST"]
[SourceVersionDate "2020.09.06"]
[WhiteTeam "MK Kaksikodad"]
[BlackTeam "SK Maletäht"]
[WhiteTeamCountry "EST"]
[BlackTeamCountry "EST"]

1. e4 c6 2. d4 d6 3. c4 e5 4. Nf3 Nd7 5. Nc3 Ngf6 6. Be2 Be7 7. O-O O-O 8. h3
Re8 9. Be3 Bf8 10. d5 c5 11. a3 g6 12. Qc2 Nh5 13. Ne1 Ng7 14. Bg4 Nb6 15. Bxc8
Rxc8 16. Ne2 f5 17. exf5 gxf5 18. f4 exf4 19. Bxf4 Re4 20. b3 Qf6 21. Rd1 Qg6
22. Nc3 Re7 23. Nf3 Rce8 24. Bg5 Rf7 25. Qd2 Nd7 26. Ne2 Nh5 27. Nf4 Nxf4 28.
Bxf4 Nf6 29. Ng5 Ne4 30. Nxe4 fxe4 31. Rde1 Bg7 32. Be3 Ref8 33. Qe2 Rxf1+ 34.
Rxf1 Rxf1+ 35. Qxf1 Be5 36. Qf2 Bg3 37. Qd2 Qf6 38. Bh6 Qd4+ 39. Be3 Qa1+ 40.
Qc1 Qe5 41. Kf1 Qf5+ 42. Kg1 Be5 0-1

[Event "EST ch Teams"]
[Site "Tallinn"]
[Date "2020.08.30"]
[Round "5"]
[White "Andrijashkin, Deniss"]
[Black "Kõlar, Johan-Eerik"]
[Result "1-0"]
[WhiteElo "1915"]
[BlackElo "1681"]
[PlyCount "69"]
[EventDate "2020.08.28"]
[EventType "team"]
[EventCountry "EST"]
[SourceVersionDate "2020.09.06"]
[WhiteTeam "SK Maletäht"]
[BlackTeam "MK Kaksikodad"]
[WhiteTeamCountry "EST"]
[BlackTeamCountry "EST"]

1. e4 e5 2. Nf3 Nc6 3. Bb5 a6 4. Ba4 Nf6 5. d3 d6 6. c3 Be7 7. O-O O-O 8. Nbd2
b5 9. Bc2 Bb7 10. Re1 Re8 11. Nf1 Bf8 12. Ng3 g6 13. d4 Bg7 14. h3 Nd7 15. Be3
Ne7 16. Qd2 c5 17. Rad1 Qc7 18. dxc5 Nxc5 19. Qxd6 Qxd6 20. Rxd6 Ne6 21. Bb3
Rad8 22. Red1 Rxd6 23. Rxd6 Rd8 24. Rxd8+ Nxd8 25. Bb6 Nec6 26. Nf1 Kf8 27. Ne3
Ke8 28. Kf1 h6 29. Ke2 Kd7 30. Nd5 Ne6 31. g3 f5 32. exf5 gxf5 33. Nh4 f4 34.
Nf5 Bf8 35. Nf6+ 1-0

[Event "EST ch Teams"]
[Site "Tallinn"]
[Date "2020.08.30"]
[Round "5"]
[White "Snitsarenko, Igor"]
[Black "Sadekov, Maksim"]
[Result "1/2-1/2"]
[WhiteElo "1578"]
[BlackElo "1684"]
[PlyCount "59"]
[EventDate "2020.08.28"]
[EventType "team"]
[EventCountry "EST"]
[SourceVersionDate "2020.09.06"]
[WhiteTeam "MK Kaksikodad"]
[BlackTeam "SK Maletäht"]
[WhiteTeamCountry "EST"]
[BlackTeamCountry "EST"]

1. e4 e6 2. d4 d5 3. Nc3 dxe4 4. Nxe4 Bd7 5. Nf3 Bc6 6. Bd3 Nd7 7. O-O Be7 8.
c3 Ngf6 9. Qe2 O-O 10. Bf4 Nxe4 11. Bxe4 Bxe4 12. Qxe4 c6 13. Rfe1 Nf6 14. Qc2
c5 15. Rad1 cxd4 16. Nxd4 Nd5 17. Nb3 Qb6 18. Bg3 Bf6 19. Be5 Rfd8 20. Bxf6
Nxf6 21. h3 Qc7 22. Re3 Rxd1+ 23. Qxd1 Rd8 24. Rd3 Rxd3 25. Qxd3 Qd7 26. Qxd7
Nxd7 27. Kf1 Kf8 28. Ke2 b6 29. Nd4 Nb8 30. Kd3 1/2-1/2

[Event "EST ch Teams"]
[Site "Tallinn"]
[Date "2020.08.30"]
[Round "5"]
[White "Nikitin, Arseni"]
[Black "Vipp, Venno"]
[Result "1-0"]
[WhiteElo "1588"]
[BlackElo "1712"]
[PlyCount "95"]
[EventDate "2020.08.28"]
[EventType "team"]
[EventCountry "EST"]
[SourceVersionDate "2020.09.06"]
[WhiteTeam "SK Maletäht"]
[BlackTeam "MK Kaksikodad"]
[WhiteTeamCountry "EST"]
[BlackTeamCountry "EST"]

1. e4 c5 2. Nf3 Nc6 3. Bb5 g6 4. Bxc6 dxc6 5. d3 Bg7 6. Nc3 Nf6 7. Be3 b6 8. h3
Ba6 9. O-O O-O 10. a4 Qc7 11. Qc1 Nd7 12. Bh6 e5 13. h4 c4 14. Bxg7 Kxg7 15. d4
exd4 16. Nxd4 Ne5 17. Qg5 Bc8 18. f4 f6 19. Qg3 Nf7 20. e5 f5 21. Rad1 Re8 22.
Rfe1 Be6 23. Qf3 Rac8 24. Nxe6+ Rxe6 25. Qf1 b5 26. axb5 Qb6+ 27. Qf2 cxb5 28.
Qxb6 Rxb6 29. Rd7 Rd8 30. Rxa7 Kg8 31. e6 Nd6 32. e7 Re8 33. Nd5 Nc8 34. Ra8
Rc6 35. Rb8 Kf7 36. Rxb5 Nd6 37. Rb6 Rxb6 38. Nxb6 Rxe7 39. Rd1 Ke6 40. Rxd6+
Kxd6 41. Nc8+ Kd7 42. Nxe7 Kxe7 43. Kf2 Kd6 44. Ke3 Kd5 45. g3 Kc5 46. b3 Kd5
47. b4 c3 48. Kd3 1-0

[Event "EST ch Teams"]
[Site "Tallinn"]
[Date "2020.08.30"]
[Round "5"]
[White "Shnurov, Daniil"]
[Black "Rikas, Artur"]
[Result "1/2-1/2"]
[WhiteElo "1532"]
[BlackElo "1563"]
[PlyCount "76"]
[EventDate "2020.08.28"]
[EventType "team"]
[EventCountry "EST"]
[SourceVersionDate "2020.09.06"]
[WhiteTeam "MK Kaksikodad"]
[BlackTeam "SK Maletäht"]
[WhiteTeamCountry "EST"]
[BlackTeamCountry "EST"]

1. d4 d5 2. c4 c6 3. Nf3 Nf6 4. Nc3 e6 5. Bg5 Nbd7 6. e3 h6 7. Bxf6 Nxf6 8.
cxd5 exd5 9. h3 Bd6 10. Bd3 O-O 11. O-O Qe7 12. Qc2 Be6 13. Rfe1 Bc7 14. e4
dxe4 15. Nxe4 Nxe4 16. Bxe4 Qd6 17. a3 a5 18. Rad1 Rfd8 19. Ne5 a4 20. Qe2 Bb3
21. Bc2 Bd5 22. Be4 Bb3 23. Bc2 Bd5 24. Be4 Ba5 25. Bxd5 Qxd5 26. Rf1 Bb6 27.
Nf3 Re8 28. Qd3 Rad8 29. Rd2 c5 30. Qb5 Qd6 31. dxc5 Qxc5 32. Qxa4 g6 33. Qf4
Rxd2 34. Qxd2 Kg7 35. Re1 Rd8 36. Qe2 Rd5 37. Ne5 Qd4 38. Nf3 Qc5 1/2-1/2

[Event "EST ch (w) Teams"]
[Site "Tallinn"]
[Date "2020.08.28"]
[Round "1.1"]
[White "Bashkite, Viktoria"]
[Black "Brokko, Margit"]
[Result "1-0"]
[WhiteElo "2186"]
[BlackElo "1995"]
[PlyCount "87"]
[EventDate "2020.08.28"]
[EventType "team"]
[EventCountry "EST"]
[SourceVersionDate "2020.09.10"]
[WhiteTeam "MA Vabaettur"]
[BlackTeam "Rapla MK"]

1. c4 e5 2. Nc3 Nc6 3. Nf3 g6 4. e3 Bg7 5. Be2 Nge7 6. O-O O-O 7. Rb1 d5 8.
cxd5 Nxd5 9. d4 Bf5 10. Ra1 exd4 11. exd4 Ndb4 12. Bg5 Qd7 13. d5 Ne5 14. Nd4
Nxd5 15. Nxd5 Qxd5 16. Nxf5 Qxd1 17. Ne7+ Kh8 18. Rfxd1 c6 19. f4 f6 20. Bh4 g5
21. Nf5 Ng6 22. fxg5 fxg5 23. Nxg7 gxh4 24. Ne6 Rfe8 25. Bg4 Ne5 26. Bf5 Rg8
27. Kh1 Rae8 28. Rd4 Re7 29. Rxh4 Rf7 30. g4 Nc4 31. Re1 Nxb2 32. Re3 Nd1 33.
Rf3 b6 34. Kg2 c5 35. Kf1 Re8 36. Ke2 Nb2 37. Rfh3 c4 38. Rxh7+ Rxh7 39. Rxh7+
Kg8 40. Rg7+ Kh8 41. Rxa7 Nd3 42. Kd2 Ne5 43. Kc3 b5 44. Rb7 1-0

[Event "EST ch (w) Teams"]
[Site "Tallinn"]
[Date "2020.08.28"]
[Round "1.4"]
[White "Haapsal, Maria Ioanna"]
[Black "Levchenko, Marina"]
[Result "1-0"]
[WhiteElo "1201"]
[BlackElo "1399"]
[PlyCount "97"]
[EventDate "2020.08.28"]
[EventType "team"]
[EventCountry "EST"]
[SourceVersionDate "2020.09.10"]
[WhiteTeam "Rapla MK"]
[BlackTeam "MA Vabaettur"]

1. e4 c5 2. Nf3 d6 3. d4 cxd4 4. Nxd4 Nf6 5. Nc3 a6 6. f4 e6 7. Qf3 Qc7 8. Be3
b5 9. g4 Bb7 10. g5 b4 11. gxf6 bxc3 12. fxg7 Bxg7 13. b3 Nc6 14. Rd1 Nxd4 15.
Bxd4 Bxd4 16. Rxd4 d5 17. e5 Qc5 18. Rd3 Rc8 19. a4 Ba8 20. Qg3 d4 21. Bg2 Bxg2
22. Qxg2 Rd8 23. Qe4 Qd5 24. Qxd5 Rxd5 25. Kf2 Rg8 26. Rhd1 Rg4 27. Kf3 h5 28.
Rxd4 Rxd4 29. Rxd4 Rh4 30. Kg2 Rg4+ 31. Kh1 f6 32. exf6 Kf7 33. b4 Kxf6 34. b5
axb5 35. axb5 Rg7 36. Rb4 Rb7 37. b6 Kf5 38. h3 e5 39. fxe5 Kxe5 40. Kg2 Kd5
41. Rb3 Kd4 42. Kg3 Ke4 43. Kh4 Ke3 44. Rxc3+ Kd2 45. Rc6 Ke3 46. c4 Ke4 47. c5
Kd5 48. Rc7 Rb8 49. b7 1-0

[Event "EST ch (w) Teams"]
[Site "Tallinn"]
[Date "2020.08.28"]
[Round "1.1"]
[White "Olde, Margareth"]
[Black "Sinitsõna, Anastassia"]
[Result "1/2-1/2"]
[WhiteElo "2224"]
[BlackElo "2075"]
[PlyCount "172"]
[EventDate "2020.08.28"]
[EventType "team"]
[EventCountry "EST"]
[SourceVersionDate "2020.09.10"]
[WhiteTeam "SK Reval-Sport"]
[BlackTeam "Malekool 64"]

1. d4 Nf6 2. c4 g6 3. Nc3 Bg7 4. e4 d6 5. h3 O-O 6. Be3 Na6 7. Nf3 c5 8. d5 e6
9. Bd3 exd5 10. exd5 Nc7 11. a4 Re8 12. O-O Na6 13. Bf4 Nb4 14. Bb1 b6 15. Qb3
Bb7 16. Nb5 Bf8 17. Bd2 a6 18. Na3 b5 19. Bxb4 bxc4 20. Nxc4 cxb4 21. Qxb4 Bxd5
22. Ncd2 Rb8 23. Qd4 Bg7 24. Ra3 Qa5 25. Ba2 Rb4 26. Qd3 Bxa2 27. Rxa2 d5 28.
b3 Ne4 29. Rc2 Qb6 30. Nxe4 dxe4 31. Qd7 Rf8 32. Nd2 Rd4 33. Qe7 Bf6 34. Qa3
Qe6 35. Re1 Qd5 36. Nc4 Rd3 37. Qb4 Bd4 38. Ne3 Bxe3 39. fxe3 Rxb3 40. Qc4 Qb7
41. Qc6 Qb4 42. Ree2 Rb1+ 43. Kh2 Ra1 44. Rc4 Qb8+ 45. Qc7 Qxc7+ 46. Rxc7 Rxa4
47. Rb2 Ra3 48. Rb6 a5 49. Ra6 Kg7 50. Re7 Rxe3 51. Rxa5 Re2 52. Rae5 Rd8 53.
Rxe4 Rf2 54. Re2 Rf6 55. Ra2 h5 56. Rea7 Rdd6 57. R7a5 Kh6 58. Ra8 Rf1 59. Ra1
Rxa1 60. Rxa1 h4 61. Ra4 Kh5 62. Kg1 Rd2 63. Rb4 f5 64. Kf1 g5 65. Rb8 Kg6 66.
Rb6+ Kf7 67. Ra6 Rd4 68. Kf2 Re4 69. Kf3 Re6 70. Ra7+ Kf6 71. Ra8 Kg7 72. Ra5
Kg6 73. Ra8 Kh5 74. Ra5 f4 75. Ra8 Re3+ 76. Kf2 Rg3 77. Rf8 Kg6 78. Rg8+ Kf7
79. Ra8 Re3 80. Ra6 Re6 81. Ra5 Kf6 82. Kf3 Re3+ 83. Kf2 Re5 84. Ra8 Kf5 85.
Kf3 Re3+ 86. Kf2 Re6 1/2-1/2

[Event "EST ch (w) Teams"]
[Site "Tallinn"]
[Date "2020.08.28"]
[Round "1.2"]
[White "Barkasheva, Sofia"]
[Black "Narva, Triin"]
[Result "0-1"]
[WhiteElo "1657"]
[BlackElo "2092"]
[PlyCount "70"]
[EventDate "2020.08.28"]
[EventType "team"]
[EventCountry "EST"]
[SourceVersionDate "2020.09.10"]
[WhiteTeam "Malekool 64"]
[BlackTeam "SK Reval-Sport"]

1. e4 d5 2. exd5 Qxd5 3. Nc3 Qd6 4. d4 Nf6 5. Nf3 Nc6 6. Nb5 Qd8 7. d5 Nb4 8.
c4 e6 9. Bf4 Na6 10. d6 c6 11. Nc3 Nh5 12. Be5 f6 13. g4 fxe5 14. gxh5 Bxd6 15.
Qd2 e4 16. Nxe4 Bb4 17. Nc3 Qxd2+ 18. Kxd2 O-O 19. Be2 Nc5 20. Raf1 e5 21. Nxe5
Bh3 22. Rfg1 Ne4+ 23. Ke3 Nxf2 24. Ne4 Nxe4 25. Kxe4 Bf5+ 26. Kf4 Bd6 27. Re1
Rae8 28. Bd1 Bxe5+ 29. Rxe5 Bb1+ 30. Kg3 Rxe5 31. Bb3 Re3+ 32. Kh4 Bd3 33. c5+
Kh8 34. Rd1 h6 35. Rd2 Rf4# 0-1

[Event "EST ch (w) Teams"]
[Site "Tallinn"]
[Date "2020.08.28"]
[Round "1.3"]
[White "Olde, Grete"]
[Black "Poluektova, Arina"]
[Result "1-0"]
[WhiteElo "1927"]
[BlackElo "1241"]
[PlyCount "69"]
[EventDate "2020.08.28"]
[EventType "team"]
[EventCountry "EST"]
[SourceVersionDate "2020.09.10"]
[WhiteTeam "SK Reval-Sport"]
[BlackTeam "Malekool 64"]

1. e4 c5 2. Nc3 Nc6 3. g3 g6 4. Bg2 e6 5. d3 Bg7 6. f4 Nge7 7. e5 f6 8. exf6
Bxf6 9. Ne4 Bd4 10. Nd6+ Kf8 11. c3 Bg7 12. g4 Qc7 13. Ne4 b6 14. Nh3 d5 15.
Ng3 Ke8 16. O-O Bd7 17. f5 gxf5 18. gxf5 exf5 19. Bg5 h6 20. Bh4 Rf8 21. Nf4
Qd6 22. Qh5+ Rf7 23. Bxe7 Nxe7 24. Rae1 Kf8 25. c4 Bc6 26. Ne6+ Kg8 27. Nxf5
Nxf5 28. Rxf5 Rxf5 29. Qxf5 Re8 30. cxd5 Bd7 31. Be4 Bxe6 32. dxe6 Qd4+ 33. Kh1
Qxb2 34. Qf7+ Kh8 35. Qxe8+ 1-0

[Event "EST ch (w) Teams"]
[Site "Tallinn"]
[Date "2020.08.28"]
[Round "1.4"]
[White "Tsõganova, Monika"]
[Black "Narva, Regina"]
[Result "1-0"]
[WhiteElo "2013"]
[BlackElo "1905"]
[PlyCount "85"]
[EventDate "2020.08.28"]
[EventType "team"]
[EventCountry "EST"]
[SourceVersionDate "2020.09.10"]
[WhiteTeam "Malekool 64"]
[BlackTeam "SK Reval-Sport"]

1. d4 Nf6 2. Nf3 b6 3. g3 Bb7 4. Bg2 e6 5. O-O Be7 6. c4 d5 7. cxd5 exd5 8. Nc3
O-O 9. b3 Nbd7 10. Bb2 Ne4 11. Qc2 f5 12. Rac1 a6 13. Ne1 Rc8 14. Nd3 Bg5 15.
e3 Qe7 16. h4 Bh6 17. Nf4 Qf7 18. Nce2 g5 19. hxg5 Bxg5 20. Bf3 Ndf6 21. Kg2
Ng4 22. Bxe4 fxe4 23. Rh1 h6 24. b4 Qf5 25. Qd1 Rf7 26. a4 Rcf8 27. b5 Rg7 28.
Ba3 Rff7 29. Rc3 Qd7 30. Qb3 a5 31. Rc2 Nf6 32. Rhc1 Qg4 33. Kf1 Nh5 34. Nxd5
Nxg3+ 35. Nxg3 Qxg3 36. Nf6+ Bxf6 37. fxg3 Rxg3 38. Rf2 Kg7 39. Qxf7+ Kxf7 40.
Rxc7+ Ke6 41. Rxb7 Bxd4 42. Re7+ Kd5 43. Rd7+ 1-0

[Event "EST ch (w) Teams"]
[Site "Tallinn"]
[Date "2020.08.29"]
[Round "2.1"]
[White "Olde, Margareth"]
[Black "Baskite, Viktoria"]
[Result "1-0"]
[WhiteElo "2224"]
[BlackElo "2186"]
[PlyCount "97"]
[EventDate "2020.08.28"]
[EventType "team"]
[EventCountry "EST"]
[SourceVersionDate "2020.09.10"]
[WhiteTeam "SK Reval-Sport"]
[BlackTeam "MA Vabaettur"]

1. d4 Nf6 2. c4 e6 3. Nf3 d5 4. g3 Be7 5. Bg2 O-O 6. O-O dxc4 7. Ne5 Nbd7 8.
Nxc4 Rb8 9. Nc3 Nb6 10. Ne5 Bd7 11. e4 Be8 12. a4 a5 13. Be3 Nfd7 14. Qb3 Nxe5
15. dxe5 Bb4 16. f4 Qe7 17. Kh1 Bc6 18. Nb5 Rbd8 19. Nd4 Nd7 20. Rfc1 Nc5 21.
Qc2 Be8 22. f5 exf5 23. Nxf5 Qxe5 24. Bf4 Qe6 25. Qe2 Nd3 26. Rxc7 Bc6 27. Bg5
Qe5 28. Bxd8 Rxd8 29. Rxc6 bxc6 30. Rf1 Bf8 31. Qf3 Rd7 32. Nh6+ gxh6 33. Qg4+
Qg7 34. Qxd7 Ne5 35. Qd4 Ng4 36. Qxg7+ Bxg7 37. b3 Bd4 38. h3 Ne3 39. Rc1 c5
40. Bf1 Kg7 41. Bb5 Kf6 42. Re1 Kg6 43. Re2 h5 44. Bd3 Kf6 45. Rf2+ Ke6 46. Rf4
Be5 47. Rh4 Bxg3 48. Rxh5 Be5 49. Rxh7 1-0

[Event "EST ch (w) Teams"]
[Site "Tallinn"]
[Date "2020.08.29"]
[Round "2.2"]
[White "Blohhin, Sofia"]
[Black "Narva, Triin"]
[Result "1/2-1/2"]
[WhiteElo "1888"]
[BlackElo "2092"]
[PlyCount "128"]
[EventDate "2020.08.28"]
[EventType "team"]
[EventCountry "EST"]
[SourceVersionDate "2020.09.10"]
[WhiteTeam "MA Vabaettur"]
[BlackTeam "SK Reval-Sport"]

1. d4 Nf6 2. Nc3 d6 3. e4 e5 4. Nge2 Nbd7 5. f3 h5 6. Be3 Be7 7. Qd2 Nb6 8. Ng3
h4 9. Nf5 Bxf5 10. exf5 Nfd5 11. Bd3 Nxe3 12. Qxe3 exd4 13. Qxd4 Bf6 14. Qe4+
Qe7 15. Qxe7+ Kxe7 16. O-O-O Bxc3 17. bxc3 c6 18. Rhe1+ Kd7 19. f6 Rhe8 20.
Bf5+ Kc7 21. fxg7 Nd7 22. Rxe8 Rxe8 23. Bxd7 Kxd7 24. Rd4 Rg8 25. Rxh4 Rxg7 26.
g4 Ke6 27. Rh5 Rg8 28. Kd2 d5 29. Ke3 Kf6 30. Rf5+ Kg6 31. h4 Re8+ 32. Kf4 f6
33. g5 fxg5+ 34. Rxg5+ Kh6 35. Re5 Rf8+ 36. Kg4 Rg8+ 37. Rg5 Re8 38. f4 Re2 39.
f5 Re4+ 40. Kh3 Re3+ 41. Rg3 Re4 42. Rf3 Kh5 43. Kg3 Rxh4 44. Rf4 Rh1 45. f6
Rg1+ 46. Kh3 Rg8 47. Rh4+ Kg6 48. Rg4+ Kf7 49. Rxg8 Kxg8 50. Kg4 Kf7 51. Kf5 a6
52. Ke5 a5 53. Kd6 Kxf6 54. Kc7 Ke6 55. Kxb7 Kd6 56. Kb6 a4 57. a3 Kd7 58. Ka5
Kc7 59. Kxa4 Kb6 60. c4 d4 61. Kb3 c5 62. a4 Ka5 63. Ka3 Kb6 64. Kb3 Ka5
1/2-1/2

[Event "EST ch (w) Teams"]
[Site "Tallinn"]
[Date "2020.08.29"]
[Round "2.3"]
[White "Olde, Grete"]
[Black "Ivanova, Lidia"]
[Result "1-0"]
[WhiteElo "2224"]
[BlackElo "2186"]
[PlyCount "71"]
[EventDate "2020.08.28"]
[EventType "team"]
[EventCountry "EST"]
[SourceVersionDate "2020.09.10"]
[WhiteTeam "SK Reval-Sport"]
[BlackTeam "MA Vabaettur"]

1. e4 c6 2. d4 d5 3. e5 c5 4. dxc5 e6 5. Be3 Nc6 6. Nf3 Qa5+ 7. c3 Qc7 8. Bd4
Nge7 9. Bd3 Ng6 10. Bxg6 hxg6 11. b4 Bd7 12. a4 a6 13. Na3 Be7 14. O-O f6 15.
Qe2 g5 16. exf6 gxf6 17. g3 e5 18. b5 Nxd4 19. cxd4 e4 20. Nd2 g4 21. Nc2 f5
22. Nb4 Be6 23. bxa6 bxa6 24. Nxa6 Qb7 25. Qb5+ Qxb5 26. axb5 Kf7 27. c6 Rh6
28. Rfb1 Rah8 29. Nf1 Bc8 30. Nc7 Rd6 31. b6 Bd8 32. Ra7 Kg6 33. Ne3 Rxc6 34.
Ncxd5 Be6 35. b7 Bc7 36. Ne7+ 1-0

[Event "EST ch (w) Teams"]
[Site "Tallinn"]
[Date "2020.08.29"]
[Round "2.4"]
[White "Levchenko, Marina"]
[Black "Narva, Regina"]
[Result "0-1"]
[WhiteElo "1399"]
[BlackElo "1905"]
[PlyCount "78"]
[EventDate "2020.08.28"]
[EventType "team"]
[EventCountry "EST"]
[SourceVersionDate "2020.09.10"]
[WhiteTeam "MA Vabaettur"]
[BlackTeam "SK Reval-Sport"]

1. c4 Nf6 2. Nc3 g6 3. Nf3 Bg7 4. d4 d6 5. g3 b6 6. Bg2 Bb7 7. O-O c5 8. d5 O-O
9. Qc2 a6 10. e4 Nbd7 11. Nd2 e6 12. f4 e5 13. Nf3 b5 14. fxe5 dxe5 15. cxb5
axb5 16. Be3 Ng4 17. Bd2 c4 18. h3 Qb6+ 19. Kh1 Nf2+ 20. Kh2 Nd3 21. Ne1 N7c5
22. Be3 Qa5 23. Nxd3 Nxd3 24. a4 b4 25. Nd1 Ba6 26. Nf2 b3 27. Qc3 Qxc3 28.
bxc3 Nxf2 29. Rxf2 Rfb8 30. Rb2 Bf8 31. h4 Bb5 32. a5 Bd6 33. Bg5 Bc7 34. Be7
Rxa5 35. Rd1 Ra2 36. Rdd2 Rxb2 37. Rxb2 Ba5 38. Bb4 Bxb4 39. cxb4 Ba4 0-1

[Event "EST ch (w) Teams"]
[Site "Tallinn"]
[Date "2020.08.29"]
[Round "2.1"]
[White "Sinitsõna, Anastassia"]
[Black "Brokko, Margit"]
[Result "1-0"]
[WhiteElo "2075"]
[BlackElo "1995"]
[PlyCount "79"]
[EventDate "2020.08.28"]
[EventType "team"]
[EventCountry "EST"]
[SourceVersionDate "2020.09.10"]
[WhiteTeam "Malekool 64"]
[BlackTeam "Rapla MK"]

1. Nf3 Nf6 2. g3 g6 3. b3 Bg7 4. Bb2 O-O 5. Bg2 c5 6. O-O Nc6 7. c4 d6 8. d4
Bg4 9. d5 Nb4 10. Nc3 Qd7 11. a3 Na6 12. Re1 Nc7 13. Qc2 Bh3 14. Bh1 b5 15. e4
e5 16. dxe6 Bxe6 17. e5 Ng4 18. exd6 Qxd6 19. Ne4 Qb6 20. Bxg7 Kxg7 21. cxb5
Nxb5 22. Nxc5 Bf5 23. Qb2+ Kg8 24. b4 Rae8 25. a4 Nd6 26. a5 Qc7 27. h3 Nxf2
28. Qxf2 Bxh3 29. Bg2 Bg4 30. Nd4 h5 31. Rxe8 Rxe8 32. Re1 Rb8 33. Nc6 Rf8 34.
Ne7+ Kh7 35. Nd5 Qc8 36. Qf4 Ne8 37. Re7 Bf5 38. Rxa7 Qd8 39. a6 Nd6 40. Ra8
1-0

[Event "EST ch (w) Teams"]
[Site "Tallinn"]
[Date "2020.08.29"]
[Round "2.4"]
[White "Haapsal, Maria Ioanna"]
[Black "Tsõganova, Monika"]
[Result "0-1"]
[WhiteElo "1201"]
[BlackElo "2013"]
[PlyCount "102"]
[EventDate "2020.08.28"]
[EventType "team"]
[EventCountry "EST"]
[SourceVersionDate "2020.09.10"]
[WhiteTeam "Rapla MK"]
[BlackTeam "Malekool 64"]

1. e4 c5 2. Nf3 d6 3. d4 cxd4 4. Nxd4 Nf6 5. Nc3 a6 6. f4 e5 7. Nf3 Qc7 8. Be3
Be7 9. h3 Be6 10. f5 Bc4 11. Be2 Nbd7 12. Qd2 O-O 13. g4 Bxe2 14. Qxe2 Qc6 15.
Bf2 d5 16. exd5 Nxd5 17. Nxd5 Qxd5 18. Rd1 Qc6 19. O-O Rfe8 20. c3 Bc5 21. Nd2
e4 22. Be3 h6 23. Bxc5 Nxc5 24. Kg2 Nd3 25. Kh2 Qd6+ 26. Kh1 e3 27. Nf3 Rad8
28. Rb1 Qd5 29. b3 Nf4 30. Qe1 e2 31. Rf2 Nd3 32. Qg1 Nxf2+ 33. Qxf2 e1=Q+ 34.
Rxe1 Rxe1+ 35. Qxe1 Qxf3+ 36. Kg1 Rd1 37. Qxd1 Qxd1+ 38. Kg2 Qd2+ 39. Kf3 Qxc3+
40. Kg2 Qc2+ 41. Kg3 Qxa2 42. Kf4 Qxb3 43. h4 Qb4+ 44. Kg3 a5 45. Kf3 a4 46.
Kg3 a3 47. g5 a2 48. Kf3 a1=Q 49. Ke3 Qac3+ 50. Kf2 Qbb2+ 51. Kf1 Qcc1# 0-1

[Event "EST ch (w) Teams"]
[Site "Tallinn"]
[Date "2020.08.30"]
[Round "3.1"]
[White "Brokko, Margit"]
[Black "Olde, Margareth"]
[Result "0-1"]
[WhiteElo "2075"]
[BlackElo "1995"]
[PlyCount "22"]
[EventDate "2020.08.28"]
[EventType "team"]
[EventCountry "EST"]
[SourceVersionDate "2020.09.10"]
[WhiteTeam "Rapla MK"]
[BlackTeam "SK Reval-Sport"]

1. c4 f5 2. g3 Nf6 3. Bg2 g6 4. Nc3 Bg7 5. d4 d6 6. Bg5 O-O 7. Qd2 c6 8. Bh6
Bxh6 9. Qxh6 e5 10. d5 Qb6 11. Rb1 Ng4 0-1

[Event "EST ch (w) Teams"]
[Site "Tallinn"]
[Date "2020.08.30"]
[Round "3.4"]
[White "Narva, Regina"]
[Black "Haapsal, Maria Ioanna"]
[Result "1-0"]
[WhiteElo "1905"]
[BlackElo "1201"]
[PlyCount "65"]
[EventDate "2020.08.28"]
[EventType "team"]
[EventCountry "EST"]
[SourceVersionDate "2020.09.10"]
[WhiteTeam "SK Reval-Sport"]
[BlackTeam "Rapla MK"]

1. e4 e6 2. b3 d5 3. e5 b6 4. Nf3 Qd7 5. d4 Ne7 6. Bd3 Ba6 7. c4 dxc4 8. bxc4
c5 9. dxc5 bxc5 10. Ba3 Nec6 11. O-O Be7 12. Nc3 Qc7 13. Nb5 Bxb5 14. cxb5 Nd8
15. Qa4 Kf8 16. Be4 Nb7 17. b6 Qxb6 18. Rab1 Qa5 19. Qxa5 Nxa5 20. Bxa8 Nac6
21. Rfc1 g6 22. Bxc5 Kg7 23. Bxe7 Nxe7 24. Rc7 Nf5 25. Rxa7 Rd8 26. Ng5 Nh6 27.
Nxe6+ Kg8 28. Nxd8 Nd7 29. Rxd7 Kg7 30. Ne6+ Kh8 31. Rb8+ Ng8 32. Rxg8+ Kxg8
33. Rd8# 1-0

[Event "EST ch (w) Teams"]
[Site "Tallinn"]
[Date "2020.08.30"]
[Round "3.1"]
[White "Bashkite, Viktoria"]
[Black "Sinitsõna, Anastassia"]
[Result "1/2-1/2"]
[WhiteElo "2186"]
[BlackElo "2075"]
[PlyCount "59"]
[EventDate "2020.08.28"]
[EventType "team"]
[EventCountry "EST"]
[SourceVersionDate "2020.09.10"]
[WhiteTeam "MA Vabaettur"]
[BlackTeam "Malekool 64"]

1. Nf3 Nf6 2. c4 g6 3. b3 Bg7 4. Bb2 O-O 5. e3 d6 6. d4 Nbd7 7. Nbd2 Re8 8. Be2
e5 9. Qc2 c6 10. dxe5 dxe5 11. O-O Qc7 12. e4 b6 13. Rfe1 h5 14. Rad1 Nh7 15.
Nf1 Nhf8 16. Ne3 Ne6 17. Bf1 Bb7 18. g3 Rad8 19. b4 Ndf8 20. c5 b5 21. Qb3 Nh7
22. h4 Bc8 23. Nc2 Nef8 24. a4 Be6 25. Qa3 a6 26. Rxd8 Rxd8 27. axb5 axb5 28.
Ra1 Bg4 29. Nh2 Be6 30. Nf3 1/2-1/2

[Event "EST ch (w) Teams"]
[Site "Tallinn"]
[Date "2020.08.30"]
[Round "3.2"]
[White "Barkasheva, Sofia"]
[Black "Blohhin, Sofia"]
[Result "0-1"]
[WhiteElo "1657"]
[BlackElo "1888"]
[PlyCount "80"]
[EventDate "2020.08.28"]
[EventType "team"]
[EventCountry "EST"]
[SourceVersionDate "2020.09.10"]
[WhiteTeam "Malekool 64"]
[BlackTeam "MA Vabaettur"]

1. d4 f5 2. e4 fxe4 3. Nc3 Nf6 4. Bg5 g6 5. Qe2 d5 6. O-O-O Bg7 7. Qd2 O-O 8.
h3 c6 9. Bh6 b5 10. Bxg7 Kxg7 11. g4 a5 12. Nge2 a4 13. g5 Nh5 14. Ng3 Nxg3 15.
fxg3 b4 16. Ne2 b3 17. a3 bxc2 18. Qxc2 Rf2 19. g4 Ba6 20. Re1 Bd3 21. Qc3 Qf8
22. Kd2 Qf3 23. Rg1 Rxf1 24. Rgxf1 Bxe2 25. Rxe2 Qxf1 26. Re1 Qb5 27. h4 Nd7
28. h5 Qb3 29. Qxb3 axb3 30. h6+ Kf7 31. Re3 Rb8 32. Rc3 Rb6 33. Ke2 e5 34. Ke3
c5 35. Kd2 exd4 36. Rc1 c4 37. Rf1+ Ke7 38. Re1 Ne5 39. Ra1 Rc6 40. a4 c3+ 0-1

[Event "EST ch (w) Teams"]
[Site "Tallinn"]
[Date "2020.08.30"]
[Round "3.3"]
[White "Ivanova, Lidia"]
[Black "Poluektova, Sofia"]
[Result "1/2-1/2"]
[WhiteElo "1462"]
[BlackElo "1241"]
[PlyCount "163"]
[EventDate "2020.08.28"]
[EventType "team"]
[EventCountry "EST"]
[SourceVersionDate "2020.09.10"]
[WhiteTeam "MA Vabaettur"]
[BlackTeam "Malekool 64"]

1. e4 c5 2. d3 Nc6 3. g3 g6 4. Bg2 e6 5. f4 Bg7 6. Nf3 Nge7 7. O-O O-O 8. c3 d5
9. e5 Nf5 10. g4 Nfe7 11. d4 cxd4 12. cxd4 b6 13. Nc3 Ba6 14. Rf2 Qd7 15. Bf1
Bxf1 16. Qxf1 a6 17. Be3 b5 18. Nh4 f5 19. g5 Nb4 20. a3 Nbc6 21. Nf3 Na5 22.
h4 Rfc8 23. h5 gxh5 24. Rh2 Qe8 25. Qh3 Qg6 26. Kf2 Nc4 27. Bc1 Nc6 28. b3 Nb6
29. Bd2 Bf8 30. Qxh5 Qxh5 31. Rxh5 Ra7 32. Ne2 Rg7 33. Rhh1 Na7 34. Bb4 Nc6 35.
Bxf8 Kxf8 36. Rac1 Na5 37. Rxc8+ Nxc8 38. Rc1 Nb6 39. Rc3 Ke8 40. Ng3 Kd8 41.
Nh5 Rf7 42. Nf6 Nd7 43. Nh5 Nb6 44. Nd2 Nd7 45. Rh3 Kc7 46. Rc3+ Kd8 47. Rg3
Ke7 48. g6 hxg6 49. Rxg6 Rh7 50. Rg7+ Rxg7 51. Nxg7 Kf7 52. Nh5 Kg6 53. Ng3 Nc6
54. Ke3 Nb6 55. Kd3 Nc8 56. Nf3 Kf7 57. Ng5+ Ke7 58. Nh5 Nd8 59. Ng7 Nb6 60.
Kc3 a5 61. Kd3 Na8 62. Kc3 Nc7 63. Kd3 Ne8 64. Nh5 Nf7 65. Nf3 Nh6 66. Ne1 Ng4
67. Kc3 Nf2 68. Nc2 Ne4+ 69. Kd3 Kf7 70. a4 b4 71. Ke3 Kg6 72. Nf6 N8xf6 73.
exf6 Kxf6 74. Ne1 Kg6 75. Nd3 Nd6 76. Ne5+ Kh5 77. Nc6 Nb7 78. Kf3 Kh4 79. Ne5
Nd8 80. Ng6+ Kh3 81. Ne5 Kh4 82. Ng6+ 1/2-1/2